Komunikace v krizi

K najvýznamnejším príčinám firemných kríz v súčasnosti patria konjunkturálne vplyvy a zmeny trhu, ako i riziko vyplývajúce zo závislosti na jednom zákazníkovi. Štrukturálne príčiny kríz. Krízová komunikácia. Stav firmy pred krízou a stav po kríze.

Gespeichert in:
Bibliographische Detailangaben
Format: Buchkapitel
Sprache:Tschechisch
Schlagworte:
Tags: Tag hinzufügen
Keine Tags, Fügen Sie das erste Tag hinzu!

MARC

LEADER 00000naa$a2200000$$$4500
001 0004004
005 20231106121524.9
041 0 |a cze 
044 |a CZ 
245 1 0 |a Komunikace v krizi 
520 |a K najvýznamnejším príčinám firemných kríz v súčasnosti patria konjunkturálne vplyvy a zmeny trhu, ako i riziko vyplývajúce zo závislosti na jednom zákazníkovi. Štrukturálne príčiny kríz. Krízová komunikácia. Stav firmy pred krízou a stav po kríze. 
610 2 0 |a kríza podniku 
610 2 0 |a komunikácia manažérska 
610 2 0 |a manažéri 
610 2 0 |a manažment krízový 
610 2 0 |a zákazníci 
610 2 0 |a konkurencia